000 00519nam a2200193 a 4500
001 1769939802259
003 YourLibrary
005 20260201163729.0
008 260201s2009##################000#0#eng##
020 _a9780521116169
082 0 4 _a305.0944912
_bSEW
100 1 _aWilliam Hamilton Sewell, Jr,
_eauthor.
245 1 0 _aStructure and Mobility :
260 _bCambridge University Press,
_c2009.
300 _a396 pages
650 0 _aHistory.
942 _cENGLISH
040 _aYourLibrary
_beng
_cYourLibrary
999 _c609747
_d609747